Nursing : the authorized manual of the St John Ambulance Association and Brigade of the Order of St John, the St Andrew's Ambulance Association, the British Red Cross Society /

Saved in:
Bibliographic Details
Main Author: Markham, Joan
Corporate Authors: British Red Cross Society, St. John Ambulance Association, St. Andrew's Ambulance Association
Format: Book
Language:English
Published: London : St John Ambulance Association, 1969.
Edition:3rd ed.
Subjects:
LEADER 01355cam a2200325 a 4500
001 c000295300
003 CARM
005 20100318145909.0
008 700710s1969 enka 001 0 eng d
015 |a B70-01300 
019 1 |a 111015  |5 LACONCORD2021 
035 |a (OCoLC)85232  |5 LACONCORD2021 
040 |a LC  |b eng  |c LC  |d NNCU:A 
050 1 4 |a RT61 
060 0 |a WY100 S143n 1969 
082 0 4 |a 610.7343 
100 1 |a Markham, Joan. 
245 1 0 |a Nursing :  |b the authorized manual of the St John Ambulance Association and Brigade of the Order of St John, the St Andrew's Ambulance Association, the British Red Cross Society /  |c prepared ... by J. Markham. 
250 |a 3rd ed. 
260 |a London :  |b St John Ambulance Association,  |c 1969. 
300 |a 162 p. :  |b col. ill. ;  |c 22 cm. 
500 |a Second ed., 1969, by the St. John Ambulance Association, published under title: First aid. 
650 0 |a Home nursing. 
710 2 |a British Red Cross Society. 
710 2 |a St. John Ambulance Association. 
710 2 |a St. Andrew's Ambulance Association. 
710 2 |a St. John Ambulance Association  |t First aid. 
852 8 |b CARM  |h A3:AI04B0  |i B11543  |p 0554950  |f BK 
999 f f |i 8b7b3806-9693-5457-a3de-e9103593637c  |s 779f33a0-f9b7-502d-add4-25b77d5eb193 
952 f f |p Can circulate  |a CAVAL  |b CAVAL  |c CAVAL  |d CARM 1 Store  |e B11543  |f A3:AI04B0  |h Other scheme  |i book  |m 0554950